| 000 -LEADER |
| fixed length control field |
01031cam a2200253 a 4500 |
| 001 - CONTROL NUMBER |
| control field |
(Sirsi) a780794 |
| 003 - CONTROL NUMBER IDENTIFIER |
| control field |
OSt |
| 005 - DATE AND TIME OF LATEST TRANSACTION |
| control field |
20230621092648.0 |
| 008 - FIXED-LENGTH DATA ELEMENTS--GENERAL INFORMATION |
| fixed length control field |
130627s2013 enka b 000 1 eng d |
| 020 ## - INTERNATIONAL STANDARD BOOK NUMBER |
| International Standard Book Number |
9781405260329 (pbk.) : |
| 040 ## - CATALOGING SOURCE |
| Original cataloging agency |
AU@ |
| Language of cataloging |
eng |
| Transcribing agency |
AU@ |
| Modifying agency |
Nz |
| -- |
TAE |
| -- |
KH8 |
| 042 ## - AUTHENTICATION CODE |
| Authentication code |
nbic |
| 082 0# - DEWEY DECIMAL CLASSIFICATION NUMBER |
| Classification number |
823.92 SMI |
| 100 1# - MAIN ENTRY--PERSONAL NAME |
| Personal name |
Smith, James, |
| Dates associated with a name |
1975- |
| Relator term |
author |
| 245 10 - TITLE STATEMENT |
| Title |
I am still not a loser / |
| Statement of responsibility, etc. |
Barry Loser, commas put in [i.e. written] by Jim Smith. |
| 260 ## - PUBLICATION, DISTRIBUTION, ETC. |
| Place of publication, distribution, etc. |
London : |
| Name of publisher, distributor, etc. |
Jelly Pie, |
| Date of publication, distribution, etc. |
2013. |
| 300 ## - PHYSICAL DESCRIPTION |
| Extent |
238 p. : |
| Other physical details |
ill. ; |
| Dimensions |
19 cm. |
| 520 ## - SUMMARY, ETC. |
| Summary, etc. |
Barry has a new problem: Gordon Smugly - who's got the most perfect name for himself ever in the history of having a name, because he looks like a Gordon and has stolen Barry's best friend. This book lets you join Barry as he attempts to get Bunky back, organises a girly-screamvo. |
| 521 1# - TARGET AUDIENCE NOTE |
| Target audience note |
7-11. |
| 650 #0 - SUBJECT ADDED ENTRY--TOPICAL TERM |
| Topical term or geographic name entry element |
Loser, Barry (Fictitious character) |
| Form subdivision |
Juvenile fiction. |
| 650 #0 - SUBJECT ADDED ENTRY--TOPICAL TERM |
| Topical term or geographic name entry element |
Schools |
| Form subdivision |
Juvenile fiction. |
| 655 #0 - INDEX TERM--GENRE/FORM |
| Genre/form data or focus term |
Humorous stories. |
| 942 ## - ADDED ENTRY ELEMENTS (KOHA) |
| Source of classification or shelving scheme |
|
| Koha item type |
Books - Fiction |